000 01252nam a22003377a 4500
003 CHAP
005 20220329143326.0
008 080812s2008 mx r 00010 spa d
010 _a95016
011 _a95988
020 _a9707041013
035 _a106625
040 _cCHAP
082 0 4 _a378.19972 A86 2006
110 0 _aAsociación Nacional de Universidades e Instituciones de Educación Superior. México
_98094
245 1 0 _aCatálogo de posgrado en universidades e institutos tecnológicos 2006
_c/por Asociación Nacional de Universidades de Educación Superior
260 _aMéxico, D.F. :
_bANUIES,
_cc2007
300 _a542 p.
590 _aBATCH-UPD
_b10
_c20130110
_lUCH01
_h0239
590 _aBATCH-UPD
_b10
_c20130110
_lUCH01
_h1922
590 _aBATCH-UPD
_b10
_c20130409
_lUCH01
_h2306
590 _aBATCH-UPD
_b10
_c20130410
_lUCH01
_h1248
590 _aBATCH-UPD
_b10
_c20130914
_lUCH01
_h1247
590 _aCONVERSION
_b10
_c20130109
_lUCH01
_h1353
650 0 4 _aEstudios de postgrado
_xMéxico.
_938528
650 0 4 _aUniversidades
_xMéxico.
_9116657
650 1 4 _aEducación técnica
_xMéxico.
_935678
901 _aBK
942 _cLIBRO
949 _a378.19972 A86 2006
_bBC
_cLIBRO
_d33724002058884
_eLIBRO
_gDonaciØn
_h109758
_i106625
_sb
999 _c95016
_d95016